000 00989nam a22002177a 4500
999 _c9183
_d9183
003 AR-CdUCM
008 190327b ||||| |||| 00| 0 spa d
040 _aMUNICIPALIDAD PROVINCIAL DEL CUSCO
_cBIBLIOTECA MUNICIPAL DEL CUSCO
082 _a515.3 /
_bAY94
100 _aAyres, Frank
_923212
245 _aTeoría y problemas de ecuaciones diferenciales /
260 _aColombia :
_bMcGraw-Hill,
_c1975.
300 _a296 páginas ;
_c27 cm.
440 _aSerie de compendios Schaum.
_925186
505 _aContenido : Origen de las ecuaciones diferenciales -- Soluciones de las ecuaciones diferenciales -- Ecuaciones de primer orden y primer grado -- Aplicaciones geométricas -- Aplicaciones físicas -- Ecuaciones de primer orden y grado superior -- Soluciones singulares. Lugares geométricos extraños ...
650 _aEcuaciones diferenciales
_921061
650 _aMatematicas
_99398
700 _aGómez de Dios, Tomás (traductor)
_925239
942 _2ddc
_cLIBROS
945 _azta